| 000 | 00334 a2200133 4500 | ||
|---|---|---|---|
| 001 | 32853 | ||
| 082 | _a536.25 MUR | ||
| 090 |
_c22022 _d22022 |
||
| 100 | _aMuralidhar,A.K | ||
| 245 | _aComputational Fluid Flow and Heat Transfer, 2/e | ||
| 250 | _a2 | ||
| 260 |
_aNew Delhi _bNarosa Publishing House _c2003 |
||
| 300 | _axiv, 592 p | ||
| 942 |
_aNUST-CAE _k536.25 MUR |
||
| 999 |
_c267926 _d267926 |
||